<?xml version="1.0" encoding="UTF-8"?>
<record
    xmlns:xsi="http://www.w3.org/2001/XMLSchema-instance"
    xsi:schemaLocation="http://www.loc.gov/MARC21/slim http://www.loc.gov/standards/marcxml/schema/MARC21slim.xsd"
    xmlns="http://www.loc.gov/MARC21/slim">

  <leader>01345nam a22002177a 4500</leader>
  <controlfield tag="003">3228</controlfield>
  <controlfield tag="005">20240919115508.0</controlfield>
  <controlfield tag="008">240813b        sa |||||d|||| 00| 1 ENG d</controlfield>
  <datafield tag="020" ind1=" " ind2=" ">
    <subfield code="a">9781785418143</subfield>
    <subfield code="q">hbk</subfield>
  </datafield>
  <datafield tag="040" ind1=" " ind2=" ">
    <subfield code="a">RDA</subfield>
    <subfield code="c">OCLC</subfield>
  </datafield>
  <datafield tag="041" ind1=" " ind2=" ">
    <subfield code="2">E</subfield>
  </datafield>
  <datafield tag="082" ind1=" " ind2=" ">
    <subfield code="a">LP EF HALL</subfield>
  </datafield>
  <datafield tag="100" ind1=" " ind2=" ">
    <subfield code="a">Halls, Stacey.</subfield>
    <subfield code="9">187943</subfield>
  </datafield>
  <datafield tag="245" ind1=" " ind2=" ">
    <subfield code="a">The familiars;</subfield>
    <subfield code="c">Stacey Halls</subfield>
  </datafield>
  <datafield tag="250" ind1=" " ind2=" ">
    <subfield code="a">First published in Great Brittain;</subfield>
    <subfield code="b">2019</subfield>
  </datafield>
  <datafield tag="260" ind1=" " ind2=" ">
    <subfield code="a">Leicestershire;</subfield>
    <subfield code="b">ISIS;</subfield>
    <subfield code="c">2020.</subfield>
  </datafield>
  <datafield tag="300" ind1=" " ind2=" ">
    <subfield code="a">378 pages;</subfield>
    <subfield code="b">Large Print;</subfield>
    <subfield code="c">24 cm.</subfield>
  </datafield>
  <datafield tag="520" ind1=" " ind2=" ">
    <subfield code="a">County of Lancaster, 1612: Fleetwood Shuttleworth is seventeen years old, married, and pregnant for the fourth time. But as mistress of Gawthorpe Hall, she still has no living child, and her husband Richard is anxious for an heir. When Fleetwood finds a letter that she isn't suppose to read from the doctor who delivered her third stillbirth, she is dealt the crushing blow that she will not survive another pregnancy. Then she crosses paths by chance with Alice Gray, a young midwife, who promises to help her give birth to a healthy baby and to proof the physician wrong. As Alice is drawn into the witchcraft accusations that are sweeping the north-west, Fleetwood risks everything by trying to help her. But there more to Alice than meets the eye?</subfield>
  </datafield>
  <datafield tag="610" ind1=" " ind2=" ">
    <subfield code="a">Female friendship&#x2014;Fiction</subfield>
    <subfield code="9">189160</subfield>
  </datafield>
  <datafield tag="942" ind1=" " ind2=" ">
    <subfield code="2">ddc</subfield>
    <subfield code="c">BOOK</subfield>
    <subfield code="y">375</subfield>
    <subfield code="z">Rosinah Mosako</subfield>
  </datafield>
  <datafield tag="999" ind1=" " ind2=" ">
    <subfield code="c">766172</subfield>
    <subfield code="d">766171</subfield>
  </datafield>
  <datafield tag="952" ind1=" " ind2=" ">
    <subfield code="0">0</subfield>
    <subfield code="1">0</subfield>
    <subfield code="2">ddc</subfield>
    <subfield code="4">0</subfield>
    <subfield code="7">0</subfield>
    <subfield code="8">F</subfield>
    <subfield code="a">STANRL</subfield>
    <subfield code="b">PERD</subfield>
    <subfield code="c">FIC</subfield>
    <subfield code="d">2024-08-13</subfield>
    <subfield code="g">219.95</subfield>
    <subfield code="l">0</subfield>
    <subfield code="o">LP EF HALL</subfield>
    <subfield code="p">33228031152791</subfield>
    <subfield code="r">2024-08-13</subfield>
    <subfield code="w">2024-08-13</subfield>
    <subfield code="y">BOOK</subfield>
  </datafield>
  <datafield tag="952" ind1=" " ind2=" ">
    <subfield code="0">0</subfield>
    <subfield code="1">0</subfield>
    <subfield code="2">ddc</subfield>
    <subfield code="4">0</subfield>
    <subfield code="7">0</subfield>
    <subfield code="8">F</subfield>
    <subfield code="a">STANRL</subfield>
    <subfield code="b">THISL</subfield>
    <subfield code="c">FIC</subfield>
    <subfield code="d">2024-08-13</subfield>
    <subfield code="g">219.95</subfield>
    <subfield code="l">0</subfield>
    <subfield code="o">LP EF HALL</subfield>
    <subfield code="p">33228031152801</subfield>
    <subfield code="r">2024-08-13</subfield>
    <subfield code="w">2024-08-13</subfield>
    <subfield code="y">BOOK</subfield>
  </datafield>
  <datafield tag="952" ind1=" " ind2=" ">
    <subfield code="0">0</subfield>
    <subfield code="1">0</subfield>
    <subfield code="2">ddc</subfield>
    <subfield code="4">0</subfield>
    <subfield code="7">0</subfield>
    <subfield code="8">F</subfield>
    <subfield code="a">STANRL</subfield>
    <subfield code="b">DAGGL</subfield>
    <subfield code="c">FIC</subfield>
    <subfield code="d">2024-08-13</subfield>
    <subfield code="g">219.95</subfield>
    <subfield code="l">0</subfield>
    <subfield code="o">LP EF HALL</subfield>
    <subfield code="p">33228031152799</subfield>
    <subfield code="r">2024-08-13</subfield>
    <subfield code="w">2024-08-13</subfield>
    <subfield code="y">BOOK</subfield>
  </datafield>
  <datafield tag="952" ind1=" " ind2=" ">
    <subfield code="0">0</subfield>
    <subfield code="1">0</subfield>
    <subfield code="2">ddc</subfield>
    <subfield code="4">0</subfield>
    <subfield code="7">0</subfield>
    <subfield code="8">F</subfield>
    <subfield code="a">STANRL</subfield>
    <subfield code="b">STANL</subfield>
    <subfield code="c">FIC</subfield>
    <subfield code="d">2024-08-13</subfield>
    <subfield code="g">219.95</subfield>
    <subfield code="o">LP EF HALL</subfield>
    <subfield code="p">33228031152773</subfield>
    <subfield code="r">2024-08-13</subfield>
    <subfield code="w">2024-08-13</subfield>
    <subfield code="y">BOOK</subfield>
  </datafield>
  <datafield tag="952" ind1=" " ind2=" ">
    <subfield code="0">0</subfield>
    <subfield code="1">0</subfield>
    <subfield code="2">ddc</subfield>
    <subfield code="4">0</subfield>
    <subfield code="7">0</subfield>
    <subfield code="8">F</subfield>
    <subfield code="a">STANRL</subfield>
    <subfield code="b">amer</subfield>
    <subfield code="c">FIC</subfield>
    <subfield code="d">2024-08-13</subfield>
    <subfield code="g">219.95</subfield>
    <subfield code="l">0</subfield>
    <subfield code="o">LP EF HALL</subfield>
    <subfield code="p">33228031152776</subfield>
    <subfield code="r">2024-08-13</subfield>
    <subfield code="w">2024-08-13</subfield>
    <subfield code="y">BOOK</subfield>
  </datafield>
  <datafield tag="952" ind1=" " ind2=" ">
    <subfield code="0">0</subfield>
    <subfield code="1">0</subfield>
    <subfield code="2">ddc</subfield>
    <subfield code="4">0</subfield>
    <subfield code="7">0</subfield>
    <subfield code="8">F</subfield>
    <subfield code="a">STANRL</subfield>
    <subfield code="b">Leanl</subfield>
    <subfield code="c">FIC</subfield>
    <subfield code="d">2024-08-13</subfield>
    <subfield code="g">219.95</subfield>
    <subfield code="l">0</subfield>
    <subfield code="o">LP EF HALL</subfield>
    <subfield code="p">33228031152778</subfield>
    <subfield code="r">2024-08-13</subfield>
    <subfield code="w">2024-08-13</subfield>
    <subfield code="y">BOOK</subfield>
  </datafield>
  <datafield tag="952" ind1=" " ind2=" ">
    <subfield code="0">0</subfield>
    <subfield code="1">0</subfield>
    <subfield code="2">ddc</subfield>
    <subfield code="4">0</subfield>
    <subfield code="7">0</subfield>
    <subfield code="8">F</subfield>
    <subfield code="a">STANRL</subfield>
    <subfield code="b">MORGL</subfield>
    <subfield code="c">FIC</subfield>
    <subfield code="d">2024-08-13</subfield>
    <subfield code="g">219.95</subfield>
    <subfield code="l">0</subfield>
    <subfield code="o">LP EF HALL</subfield>
    <subfield code="p">33228031152774</subfield>
    <subfield code="r">2024-08-13</subfield>
    <subfield code="w">2024-08-13</subfield>
    <subfield code="y">BOOK</subfield>
  </datafield>
  <datafield tag="952" ind1=" " ind2=" ">
    <subfield code="0">0</subfield>
    <subfield code="1">0</subfield>
    <subfield code="2">ddc</subfield>
    <subfield code="4">0</subfield>
    <subfield code="7">0</subfield>
    <subfield code="8">F</subfield>
    <subfield code="a">STANRL</subfield>
    <subfield code="b">MILAL</subfield>
    <subfield code="c">FIC</subfield>
    <subfield code="d">2024-08-13</subfield>
    <subfield code="g">219.95</subfield>
    <subfield code="l">0</subfield>
    <subfield code="o">LP EF HALL</subfield>
    <subfield code="p">33228031152775</subfield>
    <subfield code="r">2024-08-13</subfield>
    <subfield code="w">2024-08-13</subfield>
    <subfield code="y">BOOK</subfield>
  </datafield>
  <datafield tag="952" ind1=" " ind2=" ">
    <subfield code="0">0</subfield>
    <subfield code="1">0</subfield>
    <subfield code="2">ddc</subfield>
    <subfield code="4">0</subfield>
    <subfield code="7">0</subfield>
    <subfield code="8">F</subfield>
    <subfield code="a">STANRL</subfield>
    <subfield code="b">THUTL</subfield>
    <subfield code="c">FIC</subfield>
    <subfield code="d">2024-08-13</subfield>
    <subfield code="g">219.95</subfield>
    <subfield code="l">0</subfield>
    <subfield code="o">LP EF HALL</subfield>
    <subfield code="p">33228031152807</subfield>
    <subfield code="r">2024-08-13</subfield>
    <subfield code="w">2024-08-13</subfield>
    <subfield code="y">BOOK</subfield>
  </datafield>
  <datafield tag="952" ind1=" " ind2=" ">
    <subfield code="0">0</subfield>
    <subfield code="1">0</subfield>
    <subfield code="2">ddc</subfield>
    <subfield code="4">0</subfield>
    <subfield code="7">0</subfield>
    <subfield code="8">F</subfield>
    <subfield code="a">STANRL</subfield>
    <subfield code="b">EVANL</subfield>
    <subfield code="c">FIC</subfield>
    <subfield code="d">2024-08-13</subfield>
    <subfield code="g">219.95</subfield>
    <subfield code="l">1</subfield>
    <subfield code="o">LP EF HALL</subfield>
    <subfield code="p">33228031152798</subfield>
    <subfield code="r">2025-03-12</subfield>
    <subfield code="s">2025-03-12</subfield>
    <subfield code="w">2024-08-13</subfield>
    <subfield code="y">BOOK</subfield>
  </datafield>
  <datafield tag="952" ind1=" " ind2=" ">
    <subfield code="0">0</subfield>
    <subfield code="1">0</subfield>
    <subfield code="2">ddc</subfield>
    <subfield code="4">0</subfield>
    <subfield code="7">0</subfield>
    <subfield code="8">F</subfield>
    <subfield code="a">STANL</subfield>
    <subfield code="b">STANL</subfield>
    <subfield code="c">FIC</subfield>
    <subfield code="d">2024-08-13</subfield>
    <subfield code="g">219.95</subfield>
    <subfield code="o">LP EF HALL</subfield>
    <subfield code="p">33228031152806</subfield>
    <subfield code="r">2024-08-13</subfield>
    <subfield code="v">219.95</subfield>
    <subfield code="w">2024-08-13</subfield>
    <subfield code="y">BOOK</subfield>
  </datafield>
  <datafield tag="952" ind1=" " ind2=" ">
    <subfield code="0">0</subfield>
    <subfield code="1">0</subfield>
    <subfield code="2">ddc</subfield>
    <subfield code="4">0</subfield>
    <subfield code="7">0</subfield>
    <subfield code="8">F</subfield>
    <subfield code="a">STANRL</subfield>
    <subfield code="b">TRICL</subfield>
    <subfield code="c">FIC</subfield>
    <subfield code="d">2024-08-13</subfield>
    <subfield code="g">219.95</subfield>
    <subfield code="l">0</subfield>
    <subfield code="o">LP EF HALL</subfield>
    <subfield code="p">33228031152804</subfield>
    <subfield code="r">2024-08-13</subfield>
    <subfield code="w">2024-08-13</subfield>
    <subfield code="y">BOOK</subfield>
  </datafield>
  <datafield tag="952" ind1=" " ind2=" ">
    <subfield code="0">0</subfield>
    <subfield code="1">0</subfield>
    <subfield code="2">ddc</subfield>
    <subfield code="4">0</subfield>
    <subfield code="7">0</subfield>
    <subfield code="8">F</subfield>
    <subfield code="a">SAKHL</subfield>
    <subfield code="b">SAKHL</subfield>
    <subfield code="c">FIC</subfield>
    <subfield code="d">2024-08-13</subfield>
    <subfield code="g">219.95</subfield>
    <subfield code="o">LP EF HALL</subfield>
    <subfield code="p">33228031152802</subfield>
    <subfield code="r">2024-08-13</subfield>
    <subfield code="w">2024-08-13</subfield>
    <subfield code="y">BOOK</subfield>
  </datafield>
  <datafield tag="952" ind1=" " ind2=" ">
    <subfield code="0">0</subfield>
    <subfield code="1">0</subfield>
    <subfield code="2">ddc</subfield>
    <subfield code="4">0</subfield>
    <subfield code="7">0</subfield>
    <subfield code="8">F</subfield>
    <subfield code="a">STANRL</subfield>
    <subfield code="b">VOLKL</subfield>
    <subfield code="c">FIC</subfield>
    <subfield code="d">2024-08-13</subfield>
    <subfield code="g">219.95</subfield>
    <subfield code="l">0</subfield>
    <subfield code="o">LP EF HALL</subfield>
    <subfield code="p">33228031152772</subfield>
    <subfield code="r">2024-08-13</subfield>
    <subfield code="w">2024-08-13</subfield>
    <subfield code="y">BOOK</subfield>
  </datafield>
  <datafield tag="952" ind1=" " ind2=" ">
    <subfield code="0">0</subfield>
    <subfield code="1">0</subfield>
    <subfield code="2">ddc</subfield>
    <subfield code="4">0</subfield>
    <subfield code="7">0</subfield>
    <subfield code="8">F</subfield>
    <subfield code="a">STANRL</subfield>
    <subfield code="b">WAKKL</subfield>
    <subfield code="c">FIC</subfield>
    <subfield code="d">2024-08-13</subfield>
    <subfield code="g">219.95</subfield>
    <subfield code="l">0</subfield>
    <subfield code="o">LP EF HALL</subfield>
    <subfield code="p">33228031152734</subfield>
    <subfield code="r">2024-08-13</subfield>
    <subfield code="w">2024-08-13</subfield>
    <subfield code="y">BOOK</subfield>
  </datafield>
  <datafield tag="952" ind1=" " ind2=" ">
    <subfield code="0">0</subfield>
    <subfield code="1">0</subfield>
    <subfield code="2">ddc</subfield>
    <subfield code="4">0</subfield>
    <subfield code="7">0</subfield>
    <subfield code="8">F</subfield>
    <subfield code="a">STANRL</subfield>
    <subfield code="b">BALFL</subfield>
    <subfield code="c">FIC</subfield>
    <subfield code="d">2024-08-13</subfield>
    <subfield code="g">219.95</subfield>
    <subfield code="l">0</subfield>
    <subfield code="o">LP EF HALL</subfield>
    <subfield code="p">33228031152800</subfield>
    <subfield code="r">2024-08-13</subfield>
    <subfield code="w">2024-08-13</subfield>
    <subfield code="y">BOOK</subfield>
  </datafield>
</record>
